[Event "Linares ESP"]
[Site "Linares ESP"]
[Date "1991.??.??"]
[Round "?"]
[White "Jussupow, Artur M"]
[Black "Speelman, Jonathan S"]
[Result "1-0"]
[WhiteElo "2605"]
[BlackElo "2610"]
[PlyCount "69"]
[EventDate "1991.??.??"]
[Source "www.chesslib.no"]
[SourceDate "2004.05.04"]

1. d4 d6 2. g3 g6 3. Bg2 Bg7 4. Nf3 Nf6 5. O-O O-O 6. c4 c6 7. Nc3 Bf5 8. Ne1 Qd7 9. e4 Bh3 10. f3 Bxg2 11. Kxg2 Na6 12. Be3 Rfc8 13. Nd3 Ne8 14. Qe2 c5 15. d5 Nec7 16. Nf2 Rab8 17. a4 Nb4 18. Ng4 Rf8 19. Bh6 Bxh6 20. Nxh6+ Kg7 21. Qd2 e6 22. Ng4 f6 23. h4 Rbd8 24. h5 f5 25. dxe6 Qxe6 26. exf5 Qxf5 27. hxg6 Qxg6 28. Ne4 Nc6 29. Rh1 Rf7 30. Qh6+ Qxh6 31. Rxh6 Nd4 32. Rah1 Rh8 33. Rxd6 Rxf3 34. Rxd4 cxd4 35. Kxf3 1-0

[Event "Belfort FRA"]
[Site "?"]
[Date "2002.06.30"]
[Round "3"]
[White "Bauer Christian"]
[Black "Degraeve Jean Marc"]
[Result "1/2-1/2"]
[WhiteElo "2571"]
[BlackElo "2595"]
[PlyCount "49"]
[EventDate "2002.??.??"]
[Source "www.chesslib.no"]
[SourceDate "2004.05.04"]

1. d4 Nf6 2. Nf3 g6 3. c4 Bg7 4. g3 O-O 5. Bg2 d6 6. Nc3 c6 7. O-O Bf5 8. Nh4 Be6 9. d5 cxd5 10. cxd5 Bd7 11. Nf3 Na6 12. Be3 Nc5 13. Bd4 Qa5 14. Rb1 Na4 15. Nd2 Rfc8 16. b4 Nxc3 17. bxa5 Nxd1 18. Rfxd1 b6 19. Nb3 Rc2 20. Rb2 Rac8 21. Rxc2 Rxc2 22. axb6 axb6 23. Rd2 Rxd2 24. Nxd2 b5 25. Bb6 1/2-1/2

[Event "Leningrad"]
[Site "Leningrad"]
[Date "1987.??.??"]
[Round "?"]
[White "Tukmakov, Vladimir B"]
[Black "Romanishin, Oleg M"]
[Result "1/2-1/2"]
[WhiteElo "2575"]
[BlackElo "2570"]
[PlyCount "63"]
[EventDate "1987.05.??"]
[Source "ChessBase"]

1. d4 Nf6 2. c4 g6 3. g3 Bg7 4. Bg2 d6 5. Nc3 O-O 6. Nf3 c6 7. O-O Bf5 8. Nh4 Be6 9. d5 cxd5 10. cxd5 Bd7 11. Be3 b5 12. a4 b4 13. Nb5 Qa5 14. Nd4 Rc8 15. Nb3 Qd8 16. Nf3 a5 17. h3 Qe8 18. Qd2 Bxa4 19. Nfd4 Bxb3 20. Nxb3 Qd8 21. Ra2 Nfd7 22. Rfa1 Ne5 23. Nxa5 b3 24. Nxb3 Nc4 25. Qb4 Rxa2 26. Rxa2 Nxe3 27. fxe3 Qc7 28. Kf2 Nd7 29. Nd4 Bxd4 30. exd4 Nf6 31. Qd2 Qb7 32. Ra4 1/2-1/2

[Event "RUS-ch KO"]
[Site "Moscow"]
[Date "1999.12.17"]
[Round "2.1"]
[White "Tregubov, Pavel V"]
[Black "Loginov, Valery A"]
[Result "1-0"]
[WhiteElo "2609"]
[BlackElo "2530"]
[PlyCount "83"]
[EventDate "1999.12.04"]
[Source "ChessBase"]
[SourceDate "2000.04.05"]

1. d4 Nf6 2. c4 g6 3. g3 Bg7 4. Bg2 O-O 5. Nc3 c6 6. Nf3 d6 7. O-O Bf5 8. Ne1 Be6 9. d5 cxd5 10. cxd5 Bd7 11. Qb3 Na6 12. Nd3 Qa5 13. Bd2 Rfc8 14. a4 Nc5 15. Nxc5 Qxc5 16. Rac1 Qc4 17. Qa3 Qg4 18. Rfe1 Qh5 19. Qb4 Ng4 20. h3 Ne5 21. g4 a5 22. Qxb7 Qh4 23. Ne4 Bh6 24. Rxc8+ Rxc8 25. g5 Bg7 26. Rc1 Rxc1+ 27. Bxc1 Bf5 28. Qa8+ Bf8 29. Qxa5 Bxh3 30. Bxh3 Qxh3 31. f3 h6 32. Qe1 hxg5 33. Bxg5 Qd7 34. Qb4 Qh3 35. Bf4 Nd7 36. a5 Bh6 37. Qd2 Bxf4 38. Qxf4 Qh8 39. Ng5 f5 40. Qe3 Ne5 41. a6 Qh4 42. a7 1-0

[Event "Mind Sports Games - Rapid Ind"]
[Site "Pechino CINA"]
[Date "2008.10.07"]
[Round "9"]
[White "Adianto, U."]
[Black "Sandipan, C."]
[Result "1-0"]
[WhiteElo "2554"]
[BlackElo "2579"]
[PlyCount "85"]
[EventDate "2008.10.05"]
[Source "www.chesslib.no"]
[SourceDate "2004.05.04"]

1. d4 Nf6 2. c4 g6 3. Nf3 Bg7 4. g3 O-O 5. Bg2 c6 6. O-O d6 7. Nc3 Bf5 8. d5 Ne4 9. Bd2 cxd5 10. cxd5 Nxd2 11. Qxd2 Na6 12. Nd4 Bd7 13. e3 Qb6 14. Rfc1 Rac8 15. Bf1 Nc5 16. Rab1 Na4 17. Nxa4 Bxa4 18. Bh3 Rc5 19. b3 Be8 20. Ne2 f5 21. b4 Rxc1+ 22. Rxc1 Bf7 23. g4 Qb5 24. Rd1 fxg4 25. Bxg4 Qc4 26. Nf4 g5 27. Rc1 Qe4 28. f3 Qe5 29. Ne6 Bxe6 30. Bxe6+ Kh8 31. Kg2 h5 32. h3 h4 33. Qf2 Bf6 34. Rc4 b5 35. f4 Bg7 36. Rc7 Qf6 37. f5 a5 38. bxa5 Ra8 39. Qe2 Bh6 40. Qh5 Kg7 41. Kf3 Rxa5 42. Rxe7+ Qxe7 43. Ke4 1-0

[Event "Bar"]
[Site "?"]
[Date "1977.10.24"]
[Round "11"]
[White "Smejkal Jan"]
[Black "Quinteros Miguel Angel"]
[Result "1/2-1/2"]
[WhiteElo "2575"]
[BlackElo "2555"]
[PlyCount "28"]
[EventDate "1977.??.??"]
[Source "www.chesslib.no"]
[SourceDate "2004.05.04"]

1. Nf3 Nf6 2. c4 g6 3. g3 Bg7 4. Bg2 O-O 5. O-O d6 6. d4 c6 7. Nc3 Bf5 8. b3 Ne4 9. Bb2 Nxc3 10. Bxc3 Be4 11. e3 d5 12. Qe2 e6 13. Bh3 Bxf3 14. Qxf3 Nd7 1/2-1/2

[Event "Banker's"]
[Site "Banker's"]
[Date "1990.??.??"]
[Round "?"]
[White "Wojtkiewicz, Aleksander"]
[Black "Christiansen, Larry M"]
[Result "1-0"]
[WhiteElo "2550"]
[BlackElo "2560"]
[PlyCount "145"]
[EventDate "1990.??.??"]
[Source "www.chesslib.no"]
[SourceDate "2004.05.04"]

1. Nf3 Nf6 2. c4 g6 3. g3 Bg7 4. Bg2 O-O 5. d4 d6 6. Nc3 c6 7. O-O Bf5 8. Nh4 Be6 9. d5 Bd7 10. e4 Na6 11. h3 Qa5 12. Bd2 Rfc8 13. Qe2 Nc5 14. Nf3 Qa6 15. Rfe1 e5 16. dxe6 Bxe6 17. b3 d5 18. exd5 cxd5 19. Ng5 dxc4 20. Nxe6 Nxe6 21. Rac1 Nd4 22. Qe3 Nf5 23. Qf3 Rd8 24. Bf4 cxb3 25. Qxb7 Qxb7 26. Bxb7 b2 27. Rb1 Nh5 28. Be5 Bxe5 29. Rxe5 Rab8 30. Rb5 Rd2 31. Ne4 Rc2 32. R5xb2 Rxb2 33. Rxb2 Nd4 34. Nc5 Nf6 35. Rb4 Nf5 36. Ra4 Rd8 37. Rxa7 Rd2 38. a4 h5 39. a5 h4 40. g4 Nd4 41. Ne4 Nxe4 42. Bxe4 Ne6 43. a6 Ra2 44. Bd5 Ra4 45. Kh2 g5 46. Bxe6 fxe6 47. Kg2 Ra3 48. f3 Ra2+ 49. Kg1 Kf8 50. Kf1 Ke8 51. Ke1 Kd8 52. Kf1 Ra1+ 53. Kf2 Ra2+ 54. Ke3 Kc8 55. Rg7 Kb8 56. a7+ Ka8 57. Rxg5 Rh2 58. Re5 Rxh3 59. Rxe6 Rh1 60. Rh6 h3 61. Kf4 h2 62. Kg3 Rc1 63. Rxh2 Rc7 64. Rh6 Rh7 65. Re6 Re7 66. Rf6 Rf7 67. Rf4 Rh7 68. g5 Rf7 69. Kg4 Rh7 70. g6 Rd7 71. Kg5 Rc7 72. Rf8+ Kxa7 73. Rf7 1-0

[Event "62. ch-POL"]
[Site "?"]
[Date "2005.04.22"]
[Round "2"]
[White "Markowski Tomasz"]
[Black "Jaracz Pawel"]
[Result "1-0"]
[WhiteElo "2560"]
[BlackElo "2530"]
[PlyCount "139"]
[EventDate "2005.??.??"]
[Source "www.chesslib.no"]
[SourceDate "2004.05.04"]

1. g3 g6 2. Bg2 Bg7 3. c4 d6 4. Nc3 Nf6 5. d4 O-O 6. Nf3 c6 7. O-O Bf5 8. b3 Ne4 9. Bb2 Nxc3 10. Bxc3 Be4 11. e3 d5 12. Qe2 e6 13. Rfc1 Nd7 14. Bf1 Bxf3 15. Qxf3 Qe7 16. Rab1 a6 17. Be1 Rfe8 18. Rc2 Nf6 19. a4 Rad8 20. cxd5 cxd5 21. Rbc1 Qa3 22. Rc3 Rd7 23. Qd1 Bf8 24. Bd3 Qd6 25. Rc8 Rxc8 26. Rxc8 Rd8 27. Rc1 Qd7 28. b4 Rc8 29. b5 axb5 30. Bxb5 Qd8 31. Rb1 b6 32. Qb3 Bd6 33. Ba6 Rb8 34. Rc1 Kg7 35. Kg2 h5 36. h3 Ng8 37. Bd3 Ne7 38. Rb1 Ng8 39. Qb5 Qc7 40. Bd2 Ne7 41. Rc1 Qd8 42. Rc2 Rc8 43. Rb2 Rb8 44. Rb3 Ng8 45. Rc3 Ne7 46. Rc1 Rc8 47. Rb1 Rb8 48. Rb2 Ng8 49. Rc2 Ne7 50. e4 dxe4 51. Bxe4 Qe8 52. Qb3 Qd7 53. Bg5 Qa7 54. Be3 Qa5 55. Bd2 Qa7 56. Qb5 Rc8 57. Rb2 Rb8 58. Rb3 Qc7 59. h4 Ng8 60. Rc3 Qd8 61. Rc6 Nf6 62. Bf3 Kh7 63. Rxd6 Qxd6 64. Bf4 Qxd4 65. Bxb8 Ne4 66. Bxe4 Qxe4+ 67. Kh2 Qd4 68. Kg1 Qd1+ 69. Kg2 Qd4 70. Bf4 1-0

[Event "57th ch-RUS Qualifier"]
[Site "St Petersburg"]
[Date "2004.05.22"]
[Round "2"]
[White "Burmakin, Vladimir"]
[Black "Loginov, Valery A"]
[Result "1-0"]
[WhiteElo "2571"]
[BlackElo "2516"]
[PlyCount "127"]
[EventDate "2004.05.01"]
[Source "Roberto Alvarez"]
[SourceDate "2004.05.31"]

1. d4 Nf6 2. c4 g6 3. Nc3 Bg7 4. g3 O-O 5. Bg2 d6 6. Nf3 c6 7. O-O Bf5 8. b3 Ne4 9. Bb2 Na6 10. Qc1 Rb8 11. Nd1 d5 12. Ne3 Bh6 13. Ne5 f6 14. Nd3 Qd7 15. f3 Ng5 16. f4 Ne4 17. Nf2 Nc7 18. cxd5 cxd5 19. Nxd5 Nxd5 20. Nxe4 b6 21. Nc3 Nxc3 22. Bxc3 Rbc8 23. Qd2 e5 24. dxe5 Qxd2 25. Bxd2 Rfd8 26. Be3 fxe5 27. Rfd1 exf4 28. Rxd8+ Rxd8 29. gxf4 Rc8 30. Bd5+ Kf8 31. Rc1 Ke7 32. Rxc8 Bxc8 33. Bd2 Bg7 34. Kf2 Bd4+ 35. e3 Bc5 36. Bc3 a5 37. Kf3 h5 38. Bd4 Bg4+ 39. Kf2 Bxd4 40. exd4 h4 41. Be4 Kf6 42. Ke3 g5 43. d5 Bd7 44. fxg5+ Kxg5 45. d6 Kf6 46. Kf4 b5 47. Bd5 Bf5 48. a3 b4 49. a4 h3 50. Bc4 Be6 51. Bxe6 Kxe6 52. Kg4 Kxd6 53. Kxh3 Ke5 54. Kg4 Kd4 55. h4 Kc3 56. h5 Kxb3 57. h6 Ka2 58. h7 b3 59. h8=Q b2 60. Qg8+ Ka1 61. Qg7 Ka2 62. Qf7+ Ka3 63. Qf5 b1=Q 64. Qxb1 1-0

[Event "CZE-ch"]
[Site "Karlovy Vary"]
[Date "2004.02.22"]
[Round "6"]
[White "Navara, David"]
[Black "Rasik, Vitezslav"]
[Result "1-0"]
[WhiteElo "2604"]
[BlackElo "2472"]
[PlyCount "109"]
[EventDate "2004.02.17"]
[Source "ChessBase"]
[SourceDate "2004.06.01"]

1. c4 g6 2. Nc3 Bg7 3. d4 Nf6 4. g3 O-O 5. Bg2 d6 6. Nf3 c6 7. O-O Bf5 8. b3 Ne4 9. Bb2 Nxc3 10. Bxc3 Be4 11. e3 Qc8 12. Qe2 c5 13. Rac1 Nc6 14. d5 Bxc3 15. Rxc3 Bxf3 16. Bxf3 Ne5 17. Bg2 Qg4 18. Qb2 a6 19. f4 Nd7 20. e4 Qh5 21. Re3 b5 22. e5 bxc4 23. bxc4 Rab8 24. Qc3 Qf5 25. Be4 Qh5 26. Bc2 dxe5 27. fxe5 f6 28. exf6 exf6 29. Re6 Ne5 30. Bd1 Ng4 31. Bxg4 Qxg4 32. Rexf6 Rxf6 33. Qxf6 Qe4 34. Qf7+ Kh8 35. Qf2 Rc8 36. Qf6+ Kg8 37. d6 Qe3+ 38. Kh1 Qe4+ 39. Rf3 Qe1+ 40. Kg2 Qe2+ 41. Kh3 Qe8 42. Kh4 Qd7 43. g4 Rd8 44. Re3 Rf8 45. Qe7 Rf7 46. Qe8+ Kg7 47. Qxd7 Rxd7 48. Re7+ Rxe7 49. dxe7 Kf7 50. Kg5 Kxe7 51. Kh6 Kf6 52. g5+ Kf5 53. h4 a5 54. Kxh7 a4 55. h5 1-0

[Event "St Petersburg-ch 73rd"]
[Site "St Petersburg"]
[Date "2000.04.06"]
[Round "4"]
[White "Ionov, Sergey"]
[Black "Lugovoi, Aleksei"]
[Result "1/2-1/2"]
[WhiteElo "2558"]
[BlackElo "2515"]
[PlyCount "38"]
[EventDate "2000.04.03"]
[Source "ChessBase"]
[SourceDate "2000.07.27"]

1. d4 Nf6 2. c4 g6 3. g3 Bg7 4. Bg2 O-O 5. Nc3 d6 6. Nf3 c6 7. O-O Bf5 8. Ne1 Be6 9. d5 cxd5 10. cxd5 Bd7 11. Nd3 Na6 12. a4 Qc8 13. Qb3 Nc5 14. Nxc5 Qxc5 15. Be3 Qa5 16. Bd4 Rfc8 17. Rfd1 Qc7 18. a5 Ng4 19. Bxg7 Kxg7 1/2-1/2

[Event "CRO Team Ch"]
[Site "Tucepi"]
[Date "1996.??.??"]
[Round "?"]
[White "Dizdar, Goran"]
[Black "Cvitan, Ognjen"]
[Result "0-1"]
[WhiteElo "2525"]
[BlackElo "2540"]
[PlyCount "120"]
[EventDate "1996.??.??"]
[Source "www.chesslib.no"]
[SourceDate "2004.05.04"]

1. Nf3 Nf6 2. g3 g6 3. Bg2 Bg7 4. O-O O-O 5. c4 c6 6. d4 d6 7. Nc3 Bf5 8. b3 Ne4 9. Bb2 Nxc3 10. Bxc3 Be4 11. e3 d5 12. Bh3 Bxf3 13. Qxf3 e6 14. Rfd1 Nd7 15. Qe2 Re8 16. e4 dxe4 17. Qxe4 Nf6 18. Qc2 Re7 19. Bg2 Rd7 20. Rd3 Qe7 21. Rad1 Ne8 22. d5 cxd5 23. Bxg7 Kxg7 24. cxd5 e5 25. d6 Rxd6 26. Rxd6 Nxd6 27. Qc5 Rd8 28. Rd5 b6 29. Rxe5 Qf6 30. Qe3 Nf5 31. Qe1 Nd4 32. Re8 Nc2 33. Qe7 Rxe8 34. Qxe8 Nb4 35. a3 Nc2 36. a4 a5 37. Bd5 g5 38. h3 Nd4 39. Qe3 h6 40. Kg2 Nf5 41. Qe8 h5 42. Be4 Nd4 43. Bd5 Qf5 44. Qd8 h4 45. Ba8 Qf6 46. Qxf6+ Kxf6 47. Bd5 Kg6 48. Bc4 f6 49. Bd3+ f5 50. g4 Kf6 51. gxf5 Ke5 52. Bc4 Kxf5 53. Kf1 Ke5 54. Kg2 Kd6 55. f3 Ke5 56. Kf2 Nf5 57. Bd3 Ne7 58. Bc4 Ng6 59. Ke3 Nf4 60. Bf1 Kd5 0-1

[Event "Graz op-A"]
[Site "Graz"]
[Date "1999.??.??"]
[Round "4"]
[White "Lerner, Konstantin Z"]
[Black "Stanec, Nikolaus"]
[Result "1/2-1/2"]
[WhiteElo "2585"]
[BlackElo "2475"]
[PlyCount "135"]
[EventDate "1999.09.17"]
[Source "www.chesslib.no"]
[SourceDate "2004.05.04"]

1. d4 Nf6 2. c4 g6 3. g3 Bg7 4. Bg2 O-O 5. Nc3 d6 6. Nf3 c6 7. h3 Bf5 8. g4 Be6 9. d5 cxd5 10. cxd5 Bd7 11. Be3 Qa5 12. Nd4 Rc8 13. Nb3 Qd8 14. O-O Be8 15. Bd4 Nbd7 16. e3 Nb6 17. Nd2 Nfd7 18. Bxg7 Kxg7 19. Nde4 Nc5 20. Qd4+ Kg8 21. Rfc1 Nxe4 22. Nxe4 Rxc1+ 23. Rxc1 Rc8 24. Rc3 Rxc3 25. Nxc3 Qc7 26. Bf1 a6 27. f4 Nd7 28. Kf2 Qb6 29. Qxb6 Nxb6 30. g5 h6 31. h4 hxg5 32. hxg5 Kf8 33. e4 Bd7 34. Ke3 f6 35. Kd4 fxg5 36. fxg5 Bg4 37. Be2 Bxe2 38. Nxe2 Nd7 39. Nf4 Ne5 40. Kc3 Ke8 41. a4 Nf7 42. Ne6 Nd8 43. Nd4 Nf7 44. Nf3 Kd7 45. Kd4 e5+ 46. Kc4 Kc7 47. Kb4 Kb6 48. a5+ Kc7 49. Ka4 Kd7 50. b4 Kd8 51. Kb3 Kd7 52. Kc4 Kd8 53. Kd3 Kd7 54. Ke3 Kd8 55. Kf2 Kd7 56. Kg3 Kd8 57. Kg4 Ke7 58. Nh4 Nh8 59. Kf3 Kd7 60. Ke3 Ke7 61. Kd3 Kd7 62. Kc4 Nf7 63. Nf3 Kd8 64. b5 axb5+ 65. Kxb5 Kc7 66. a6 bxa6+ 67. Kxa6 Nd8 68. Kb5 1/2-1/2

[Event "Garmisch"]
[Site "Garmisch"]
[Date "1994.??.??"]
[Round "6"]
[White "Kortschnoj, Viktor"]
[Black "Hug, Werner"]
[Result "1/2-1/2"]
[WhiteElo "2615"]
[BlackElo "2445"]
[PlyCount "56"]
[EventDate "1994.??.??"]
[Source "ChessBase"]

1. d4 Nf6 2. c4 g6 3. Nc3 Bg7 4. g3 O-O 5. Bg2 d6 6. Nf3 c6 7. b3 Bf5 8. Nh4 Be6 9. Bb2 d5 10. cxd5 cxd5 11. Rc1 Nc6 12. O-O Rc8 13. Na4 b6 14. Nf3 Qd7 15. Re1 Ne4 16. Ne5 Nxe5 17. dxe5 Rxc1 18. Qxc1 Rc8 19. Qe3 Nc5 20. Nxc5 bxc5 21. f4 d4 22. Qd2 f6 23. exf6 Bxf6 24. e4 dxe3 25. Qxd7 Bxd7 26. Bxf6 exf6 27. Rxe3 Bf5 28. Bd5+ Kf8 1/2-1/2

[Event "Rimavska Sobota"]
[Site "Rimavska Sobota"]
[Date "1991.??.??"]
[Round "12"]
[White "Stohl, Igor"]
[Black "Jansa, Vlastimil"]
[Result "1/2-1/2"]
[WhiteElo "2550"]
[BlackElo "2495"]
[PlyCount "45"]
[EventDate "1991.05.??"]
[Source "ChessBase"]

1. c4 g6 2. d4 Nf6 3. g3 Bg7 4. Bg2 O-O 5. Nc3 d6 6. Nf3 c6 7. O-O Bf5 8. Ne1 Qc8 9. e4 Bh3 10. Nd3 Bxg2 11. Kxg2 Na6 12. Bg5 Re8 13. Rc1 c5 14. d5 Qg4 15. Qxg4 Nxg4 16. Nb5 Ne5 17. Nxe5 Bxe5 18. Rb1 Bg7 19. Rfc1 Kf8 20. a3 Rec8 21. b4 b6 22. Be3 Nb8 23. bxc5 1/2-1/2

[Event "Odorheiu Secuiesc zt"]
[Site "Odorheiu Secuiesc"]
[Date "1995.??.??"]
[Round "6"]
[White "Horvath, Jozsef"]
[Black "Jansa, Vlastimil"]
[Result "0-1"]
[WhiteElo "2520"]
[BlackElo "2525"]
[PlyCount "56"]
[EventDate "1995.03.??"]
[Source "ChessBase"]

1. d4 Nf6 2. Nf3 g6 3. c4 Bg7 4. g3 O-O 5. Bg2 c6 6. Nc3 d6 7. O-O Bf5 8. Nh4 Be6 9. d5 cxd5 10. cxd5 Bd7 11. Be3 Na6 12. Bd4 Qa5 13. e4 Nc5 14. Rb1 Na4 15. b4 Nxc3 16. bxa5 Nxd1 17. Rxb7 Ba4 18. Bf3 Nxf2 19. Bxf2 Nd7 20. Rb4 Bc2 21. Rc1 Bd3 22. Rc7 Ne5 23. Kg2 a6 24. Rxe7 Rac8 25. Rb3 Rc1 26. g4 Bf6 27. Reb7 Rc2 28. Bd1 Bxe4+ 0-1

[Event "3. Inter"]
[Site "3rd San Martin Inter"]
[Date "1995.??.??"]
[Round "?"]
[White "Ricardi, Pablo"]
[Black "Sorin, Ariel"]
[Result "1/2-1/2"]
[WhiteElo "2530"]
[BlackElo "2505"]
[PlyCount "45"]
[EventDate "1995.??.??"]
[Source "www.chesslib.no"]
[SourceDate "2004.05.04"]

1. d4 Nf6 2. Nf3 g6 3. c4 Bg7 4. g3 O-O 5. Bg2 d6 6. O-O c6 7. Nc3 Bf5 8. Ne1 Qc8 9. e4 Bh3 10. f3 Bxg2 11. Kxg2 Nbd7 12. Be3 b5 13. cxb5 Nxe4 14. Rc1 Rb8 15. Nb1 c5 16. Rc2 g5 17. Rc4 Rb7 18. Nd2 a5 19. Rc3 Bh8 20. Nc2 Nxg3 21. Ra3 f6 22. Re1 f5 23. Na1 1/2-1/2

[Event "BL2-W 9596"]
[Site "GER"]
[Date "1996.??.??"]
[Round "?"]
[White "Kengis, Edvins"]
[Black "Martinovic, Slobodan"]
[Result "1-0"]
[WhiteElo "2570"]
[BlackElo "2460"]
[PlyCount "115"]
[EventDate "1995.10.??"]
[Source "www.chesslib.no"]
[SourceDate "2004.05.04"]

1. Nf3 Nf6 2. g3 g6 3. d4 Bg7 4. Bg2 O-O 5. c4 c6 6. Nc3 d6 7. O-O Bf5 8. b3 Ne4 9. Nxe4 Bxe4 10. Bb2 d5 11. Qd2 e6 12. Rfd1 Nd7 13. Bf1 Bxf3 14. exf3 Qe7 15. Rab1 Rfd8 16. Qe3 Nf6 17. c5 Qc7 18. a4 a5 19. Bc3 Nd7 20. f4 b6 21. cxb6 Qxb6 22. b4 axb4 23. Bxb4 Bxd4 24. Qxd4 Qxd4 25. Rxd4 c5 26. Rdd1 cxb4 27. Rxb4 Nc5 28. Bb5 Rdc8 29. Rc1 Kf8 30. Rb2 Ke7 31. Rbc2 Kd6 32. h4 h5 33. Kf1 Rc7 34. Ke2 f6 35. Kf1 Rac8 36. a5 Rb8 37. Be2 Rb4 38. Ra2 Rbb7 39. a6 Ra7 40. Rb1 e5 41. fxe5+ fxe5 42. Rb8 Ke6 43. Rb6+ Kf5 44. Ra5 d4 45. Rd6 Ke4 46. Ra3 Rd7 47. f3+ Kf5 48. Rc6 d3 49. Bd1 Ne6 50. g4+ hxg4 51. fxg4+ Kf6 52. Bb3 Re7 53. Ra5 Re8 54. Rb5 Rae7 55. Rbb6 e4 56. Rxe6+ Rxe6 57. Rxe6+ Rxe6 58. Bxe6 1-0